| 000 | 00655nam a2200217 a 4500 | ||
|---|---|---|---|
| 005 | 20140310183408.0 | ||
| 008 | 121029s19uu xx 00 eng d | ||
| 020 | _a9781111425609 | ||
| 050 |
_aRA 781 _b.H59 2012 |
||
| 100 | _aHoeger, Werner W. K. | ||
| 245 |
_aPrinciples and labs for fitness & wellness / _cWerner W.K. Hoeger, Sharon A. Hoeger. |
||
| 250 | _a8th ed. | ||
| 260 |
_aAustralia ; Belmont, CA : _bThomson/Wadsworth, _c2012. |
||
| 300 |
_axvi, 464 p. : _bcol. ill. ; _c27 cm. |
||
| 500 | _aIncludes index | ||
| 650 | _aPhysical fitness | ||
| 650 | _aHealth | ||
| 700 | _aHoeger, Sharon A. | ||
| 942 |
_cBK _2lcc _kFOR |
||
| 999 |
_c22442 _d22442 |
||